|
|
|
|
| LEADER |
00000nam0a2200000 4500 |
| 001 |
158302 |
| 005 |
20250628111242.0 |
| 035 |
|
|
|a (RuTPU)RU\TPU\book\171691
|
| 090 |
|
|
|a 158302
|
| 100 |
|
|
|a 20090421d2009 m y0rusy50 ca
|
| 101 |
0 |
|
|a rus
|
| 102 |
|
|
|a RU
|
| 105 |
|
|
|a a j 001zd
|
| 200 |
1 |
|
|a 3D моделирование и конструирование в Autodesk Inventor. Ч. 1
|e учебное пособие
|f С. А. Горисев [и др.]
|g Томский политехнический университет (ТПУ)
|
| 210 |
|
|
|a Томск
|c Изд-во ТПУ
|d 2009
|
| 215 |
|
|
|a 164 с.
|
| 225 |
1 |
|
|a Library of CAD:Computer Aided Design
|
| 320 |
|
|
|a Библиогр.: с. 163.
|
| 330 |
|
|
|a Учебное пособие посвящено системе автоматизированного трехмерного (3D) моделирования и конструирования Autodesk Inventor. В пособии рассматриваются основные режимы работы системы и применяемые при этом инструменты, представлена последовательность создания трехмерных деталей, собранных из них моделей сборок, двухмерных чертежей, а также описывается работа в модуле реалистичной визуализации проектов и компоновки анимационных презентаций - Inventor Studio.
|
| 452 |
|
1 |
|0 (RuTPU)RU\TPU\book\190782
|t Ч. 1
|d 2009
|
| 606 |
1 |
|
|a Трехмерная графика
|x Программное обеспечение
|2 stltpush
|3 (RuTPU)RU\TPU\subj\67809
|9 83459
|
| 610 |
1 |
|
|a 3D-моделирование
|
| 610 |
1 |
|
|a автоматизированное конструирование
|
| 610 |
1 |
|
|a Autodesk Inventor
|
| 610 |
1 |
|
|a детали
|
| 610 |
1 |
|
|a изделия
|
| 610 |
1 |
|
|a сборка
|
| 610 |
1 |
|
|a чертежи
|
| 610 |
1 |
|
|a презентационные ролики
|
| 610 |
1 |
|
|a компоненты
|
| 610 |
1 |
|
|a визуализация
|
| 610 |
1 |
|
|a анимация
|
| 610 |
1 |
|
|a Invertor Studio
|
| 610 |
1 |
|
|a учебные пособия
|
| 610 |
1 |
|
|a труды учёных ТПУ
|
| 675 |
|
|
|a 681.327.1(075.8)
|v 3
|
| 701 |
|
1 |
|a Горисев
|b С. А.
|c специалист в области информатики и вычислительной техники
|c доцент Томского политехнического университа, кандидат технических наук
|f 1956-
|g Сергей Алексеевич
|9 11668
|
| 701 |
|
1 |
|a Котов
|b С. О.
|c российский учёный в области инженерной педагогики
|c старший преподаватель Томского политехнического университета
|f 1961-
|g Сергей Олегович
|9 12486
|
| 701 |
|
1 |
|a Решетникова
|b С. Л.
|c специалист в области информатики и вычислительной техники
|c ведущий программист, старший преподаватель Томского политехнического университета
|f 1972-
|g Светлана Леонидовна
|9 12490
|
| 701 |
|
1 |
|a Ситникова
|b О. В.
|c специалист в области информатики и вычислительной техники
|c ведущий программист, доцент Томского политехнического университета, кандидат технических наук
|f 1978-
|g Оксана Валерьевна
|9 12491
|
| 712 |
0 |
2 |
|a Национальный исследовательский Томский политехнический университет
|c (2009- )
|9 26305
|
| 801 |
|
1 |
|a RU
|b 63413507
|c 20090421
|g PSBO
|
| 801 |
|
2 |
|a RU
|b 63413507
|c 20201124
|g RCR
|
| 850 |
|
|
|a 63413507
|
| 942 |
|
|
|c BK
|